ბათუმის შოთა რუსთაველის სახელმწიფო უნივერსიტეტის ბიბლიოთეკა

Deutsche Literaturgeschichte: (ბიბ.ჩანაწერი № 62156)

000 -LEADER
fixed length control field 00722nam a22001937a 4500
005 - DATE AND TIME OF LATEST TRANSACTION
control field 20240724143731.0
008 - FIXED-LENGTH DATA ELEMENTS--GENERAL INFORMATION
fixed length control field 240724s1991 ge ||||| |||| 00| 0 ger d
020 ## - INTERNATIONAL STANDARD BOOK NUMBER
International Standard Book Number 9783423033411 X 342303341X
041 ## - LANGUAGE CODE
Language code of text/sound track or separate title ger
080 ## - UNIVERSAL DECIMAL CLASSIFICATION NUMBER
Universal Decimal Classification number 821.112.2.09B-78
100 ## - MAIN ENTRY--PERSONAL NAME
Personal name Borries, Ernst
9 (RLIN) 22933
245 ## - TITLE STATEMENT
Title Deutsche Literaturgeschichte:
Remainder of title Band. 1: Mittelalter, Humanismus, Reformationszeit, Barock /
Statement of responsibility, etc. Ernst Borries, Erika Borries,
264 ## - PRODUCTION, PUBLICATION, DISTRIBUTION, MANUFACTURE, AND COPYRIGHT NOTICE
Place of production, publication, distribution, manufacture München:
Name of producer, publisher, distributor, manufacturer Deutscher Taschenbuch Verlag,
Date of production, publication, distribution, manufacture, or copyright notice 1991.
300 ## - PHYSICAL DESCRIPTION
Extent 431p.:
Other physical details 20 cm.
653 ## - INDEX TERM--UNCONTROLLED
keyword Deutsche Literaturgeschichte
653 ## - INDEX TERM--UNCONTROLLED
keyword გერმანული ლიტერატურის ისტორია
700 ## - ADDED ENTRY--PERSONAL NAME
Personal name Borries, Erika
9 (RLIN) 22934
942 ## - ADDED ENTRY ELEMENTS (KOHA)
Source of classification or shelving scheme
Koha item type წიგნი
ეგზემპლარები
Withdrawn status Lost status Source of classification or shelving scheme Damaged status Not for loan Permanent Location Current Location Shelving location Date acquired Cost, normal purchase price Full call number Barcode Date last seen Copy number Price effective from Koha item type Public note
          ბათუმის შოთა რუსთაველის სახელმწიფო უნივერსიტეტის მთავარი ბიბლიოთეკა ბათუმის შოთა რუსთაველის სახელმწიფო უნივერსიტეტის მთავარი ბიბლიოთეკა წიგნსაცავი 2024-07-24 135.00 821.112.2.09 B-78 68836 2024-07-24 68836 2024-07-24 წიგნი 135.00
          ბათუმის შოთა რუსთაველის სახელმწიფო უნივერსიტეტის მთავარი ბიბლიოთეკა ბათუმის შოთა რუსთაველის სახელმწიფო უნივერსიტეტის მთავარი ბიბლიოთეკა წიგნსაცავი 2025-09-17 102.00 821.112.2.09B-78 72354 2025-09-17 72354 2025-09-17 წიგნი 102.00
          ბათუმის შოთა რუსთაველის სახელმწიფო უნივერსიტეტის მთავარი ბიბლიოთეკა ბათუმის შოთა რუსთაველის სახელმწიფო უნივერსიტეტის მთავარი ბიბლიოთეკა წიგნსაცავი 2025-09-17 102.00 821.112.2.09B-78 72355 2025-09-17 72355 2025-09-17 წიგნი 102.00